| 000 | 00766nam a2200253Ia 4500 | ||
|---|---|---|---|
| 008 | 191130s2009##################000#0#eng## | ||
| 020 | _a9781844079827 | ||
| 022 | _a2009049361 | ||
| 040 |
_aACL _cACL |
||
| 082 | _a307.76094 NIJ | ||
| 100 | _aNijkamp, Peter | ||
| 245 |
_aSustainable cities in Europe _cPeter Nijkamp and Adriaan Perrels |
||
| 250 | _a1st ed | ||
| 260 |
_aSterling, VA _bEarthscan _cc2009 |
||
| 300 | _aviii, 141 p. : ill. ; 25 cm | ||
| 500 | _aIncludes bibliographical references and index | ||
| 650 | _aCities and towns - Europe | ||
| 650 | _aCities and towns - Growth | ||
| 650 | _aSustainable development | ||
| 700 | _aPerrels, A. H | ||
| 990 | _a8a26d4a7ac10000c596c5e5e161b3de9 | ||
| 991 | _a198866 | ||
| 999 |
_c287869 _d287869 |
||